Marketingový mix a jeho prepojenie so spokojnosťou zákazníkov v konkrétnej firme bakalárska práca

Enregistré dans:
Détails bibliographiques
Auteur principal: Farkašová, Zuzana
Collectivité auteur: Obchodná fakulta EU. Katedra marketingu
Autres auteurs: Korčoková, Marína, 1970-
Format: Livre
Langue:slovaque
Publié: Bratislava 2014
Tags: Ajouter un tag
Pas de tags, Soyez le premier à ajouter un tag!

MARC

LEADER 00000nbm a2200000 4500
001 0204683
005 20170314113056.6
041 0 |a slo 
044 |a SK 
245 1 0 |a Marketingový mix a jeho prepojenie so spokojnosťou zákazníkov v konkrétnej firme  |b bakalárska práca  |c Zuzana Farkašová ; školiteľ: Marína Korčoková 
264 1 |a Bratislava  |c 2014 
300 |a 68 s. 
100 1 |a Farkašová, Zuzana 
700 1 |a Korčoková, Marína, 1970- 
710 2 |a Obchodná fakulta EU. Katedra marketingu